000
00323nam a2200145Ia 4500
008
230312s9999||||xx |||||||||||||| ||und||
020
_a
3-89412-468-7
082
_a
612
_b
FEL-M
100
_a
Felix;R
245
0
_a
Magnevist
260
_b
Blackwell
_a
UK
_c
2001
300
_a
242
650
_a
Medical
_v
home made
942
_c
BK
999
_c
1894
_d
1894